书目信息 |
| 题名: |
轮机实用英语手册
|
|
| 作者: | ;上海海运学院外语系轮机英语教研室 编 | |
| 分册: | ||
| 出版信息: | 北京 人民交通出版社 1981 |
|
| 页数: | 549页 | |
| 开本: | 19cm | |
| 丛书名: | ||
| 单 册: | ||
| 中图分类: | H31-622 , H31-62 | |
| 科图分类: | ||
| 主题词: | 船舶-轮机-英语--手册 , 轮机-船舶-英语--手册 , 英语-轮机-船舶--手册 , 英语 | |
| 电子资源: | ||
| ISBN: | ||
| 000 | 00875nam0 2200289 45 | |
| 001 | 0181006947 | |
| 005 | 20040509160137.2 | |
| 010 | @dCNY2.20 | |
| 091 | @a15044.6341 | |
| 100 | @a19950609d1981 em y0chiy0121 ea | |
| 101 | 0 | @achi@aeng |
| 102 | @aCN@b110000 | |
| 105 | @ay z 000yy | |
| 106 | @ar | |
| 200 | 10 | @a轮机实用英语手册@Alun ji shi yong ying yu shou ce@e汉英@f上海海运学院外语系轮机英语教研室编 |
| 210 | @a北京@c人民交通出版社@d1981 | |
| 215 | @a549页@d19cm | |
| 606 | @a船舶-轮机-英语@x手册 | |
| 606 | @a轮机-船舶-英语@x手册 | |
| 606 | @a英语-轮机-船舶@x手册 | |
| 606 | 0 | @a英语 |
| 690 | @aH31-622@v3 | |
| 690 | @aH31-62 | |
| 711 | 02 | @a上海海运学院外语系轮机英语教研室@Ashang hai hai yun xue yuan wai yu xi lun ji ying yu jiao yan shi@4编 |
| 801 | 0 | @aCN@b上海图书馆@c20040509 |
| 801 | 2 | @aCN@bNLC@c20040509 |
| 905 | @f1@b49508@dH31-62@e158 | |
| 轮机实用英语手册:汉英/上海海运学院外语系轮机英语教研室编.-北京:人民交通出版社,1981 |
| 549页;19cm |
| ISBN :CNY2.20 |
| ● |
| 相关链接 |
|
|
|
|
正题名:轮机实用英语手册
索取号:H31-62/158
 
预约/预借
| 序号 | 登录号 | 条形码 | 馆藏地/架位号 | 状态 | 备注 |
| 1 | 0049508 | 000928063 | 第二样本阅览室/ [索取号:H31-62/158] | 在馆 |